000 01506nam a2200337 i 4500
003 DO-SdBNP
005 20250306142253.0
006 a||||er|||| 00| 0
007 ta
008 231024e2023 dr ao||| |||| 00| 0 spa d
020 _a9789945687326
040 _aDO-SdBNP
_bspa
_cBNPHU
_erda
082 4 _222
_bB742n
100 1 _aBosch Carcuro, Matías,
_d1977
_978616
_eautor
245 1 0 _aNo+ ars, no+ afp. :
_bescritos para la lucha por la seguridad social digna. /
_cMatías Bosch Carcuro; fotografías, Fran Afonso / Guillermo Casado; dibujo, Cristian Hernández.
246 1 1 _aNo más ars, no más afp :
_bescritos para la lucha por la seguridad social digna.
264 _aSanto Domingo :
_bUniversidad Autónoma de Santo Domingo,
_c2023
300 _a204 páginas :
_bIlustraciones, fotografías ;
_c23 cm.
336 _2rdacontent
_atexto
_btxt
337 _2rdamedia
_asi mediación
_bn
338 _2rdacarrier
_avolumen
_bnc
500 _aIncluye datos biográficos del autor en las solapas de las cubiertas.
500 _aIncluye bibliografía y notas al pie de páginas.
505 _aAgradecimiento.-- Prólogo a esta compilación.
_tNo + ARS.--
_tNo + AFP.--
_tAnexos.
590 _aInventariado 2023 / MF
700 1 _aAfonso, Frank,
_efotógrafo
_984520
700 1 _aCasado, Guillermo,
_eFotografías
_984521
700 1 _aHernández, Cristiana,
_975249
_edibujo
710 1 _aUniversidad Autónoma de Santo Domingo
_bFacultad de Ciencias Económicas y Sociales
_972951
942 _2ddc
_cLBS1
999 _c55273
_d55273